PHARMACEUTICAL DOSAGE FORM RETIONAL DESIGN AND FORMULATION VOL- 2 (Record no. 8217)

MARC details
000 -LEADER
fixed length control field 00513nam a22001817a 4500
005 - DATE AND TIME OF LATEST TRANSACTION
control field 20230403160317.0
008 - FIXED-LENGTH DATA ELEMENTS--GENERAL INFORMATION
fixed length control field 230125b |||||||| |||| 00| 0 eng d
020 ## - INTERNATIONAL STANDARD BOOK NUMBER
ISBN 978-084939015-9
041 ## - LANGUAGE CODE
Language code of text/sound track or separate title eng
082 ## - DEWEY DECIMAL CLASSIFICATION NUMBER
Classification number 615.1 AUG -P
100 ## - MAIN ENTRY--AUTHOR NAME
Personal name AUGSBURGER, LARRY L AND HOAG , STEPHEN W.
245 ## - TITLE STATEMENT
Title PHARMACEUTICAL DOSAGE FORM RETIONAL DESIGN AND FORMULATION VOL- 2
250 ## - EDITION STATEMENT
Edition statement 3rd ed.
260 ## - PUBLICATION, DISTRIBUTION, ETC. (IMPRINT)
Name of publisher INFORMA HEALTH CARE
300 ## - PHYSICAL DESCRIPTION
Number of Pages 546;P.
650 ## - SUBJECT ADDED ENTRY--TOPICAL TERM
Topical Term PHARMACY
General subdivision B.PHARMA
942 ## - ADDED ENTRY ELEMENTS (KOHA)
Koha item type Books
Holdings
Lost status Damaged status Collection code Home library Current library Shelving location Date acquired Source of acquisition Cost, normal purchase price Full call number Accession Number Koha item type
    Reference JRU Library JRU Library SHELF-3-A 21/01/2023 LOHIA BOOK INTERNATIONAL 42712.00 615.1 AUG -P 27416 Books
    PHARMACY JRU Library JRU Library SHELF-3-A 27/03/2023 LOHIA BOOK INTERNATIONAL 42712.00 615.1 AUG -P 27666 Books